header

ESD basics (Record no. 194917)

MARC details
000 -LEADER
fixed length control field 01397nam a2200361Ia 4500
082 04 - DEWEY DECIMAL CLASSIFICATION NUMBER
Classification number 621.3815
100 1# - MAIN ENTRY--AUTHOR NAME
Personal name Voldman, Steven H.
245 10 - TITLE STATEMENT
Title ESD basics
260 ## - PUBLICATION, DISTRIBUTION, ETC. (IMPRINT)
Place of publication Chichester, West Sussex :
Name of publisher Wiley,
Year of publication 2012.
300 ## - PHYSICAL DESCRIPTION
Number of Pages xviii, 208 p.
650 #0 - SUBJECT ADDED ENTRY--TOPICAL TERM
Topical Term Electronic apparatus and appliances
Topical Term Electric discharges.
Topical Term Electronic apparatus and appliances
Topical Term Microelectronics.
Topical Term Static eliminators.
Topical Term Electrostatics.
856 40 - ELECTRONIC LOCATION AND ACCESS
Uniform Resource Identifier http://site.ebrary.com/lib/rucke/Doc?id=10602092

No items available.

© 2026 Rongo University
Contact us: librarian | system librarian | Rongo university